|
|
|
|
| LEADER |
01355nam a2200313 a 4500 |
| 001 |
36980 |
| 003 |
BD-DhAAL |
| 008 |
200209r19941992maua b 001 0 eng d |
| 999 |
|
|
|c 42006
|d 42006
|
| 010 |
|
|
|a 92030585
|
| 020 |
|
|
|a 0674741129 (alk. paper)
|
| 020 |
|
|
|a 9780674741126
|
| 040 |
|
|
|a DLC
|c DLC
|d DLC
|d BD-DhAAL
|
| 050 |
0 |
0 |
|a QC39
|b .A4 1992
|
| 082 |
0 |
0 |
|a 530.16
|2 20
|
| 100 |
1 |
|
|a Albert, David Z.
|9 39186
|
| 245 |
1 |
0 |
|a Quantum mechanics and experience /
|c David Z Albert.
|
| 260 |
|
|
|a Cambridge, Mass. :
|b Harvard University Press,
|c c1992 [fourth printing 1994]
|
| 300 |
|
|
|a x, 206 pages :
|b illustrations ;
|c 24 cm.
|
| 504 |
|
|
|a Includes bibliographical references (pages 199-201) and index.
|
| 526 |
|
|
|a CSE
|
| 541 |
|
|
|a Trim Education
|e 36980, 36981
|
| 650 |
|
0 |
|a Physical measurements.
|9 39187
|
| 650 |
|
0 |
|a Quantum theory.
|9 39188
|
| 650 |
|
0 |
|a Computer science.
|9 39189
|
| 852 |
|
|
|a Ayesha Abed Library
|c General Stacks
|
| 942 |
|
|
|2 ddc
|c BK
|
| 952 |
|
|
|0 0
|1 0
|2 ddc
|4 0
|6 530_160000000000000_ALB
|7 0
|9 67797
|a BRACUL
|b BRACUL
|c GEN
|d 2020-02-02
|e Trim Education
|g 3285.00
|l 3
|m 7
|o 530.16 ALB
|p 3010036981
|r 2025-03-02
|s 2025-02-17
|t 2
|v 3285.00
|w 2020-02-02
|y BK
|
| 952 |
|
|
|0 0
|1 0
|2 ddc
|4 0
|6 530_160000000000000_ALB
|7 0
|9 67798
|a BRACUL
|b BRACUL
|c GEN
|d 2020-02-02
|e Trim Education
|g 3285.00
|l 1
|m 12
|o 530.16 ALB
|p 3010036980
|r 2025-05-14
|s 2025-02-12
|t 1
|v 3285.00
|w 2020-02-02
|y BK
|